| 000 | 00551nam a2200181 a 4500 | ||
|---|---|---|---|
| 001 | 7162 | ||
| 003 | CO-ViMGA | ||
| 008 | 141112s2004 ck r 000 u spa d | ||
| 040 |
_aCO-ViMGA _bspa _cCO-ViMGA |
||
| 082 | 0 | 4 | _a642.52 S874 |
| 100 | 1 |
_aSutherland, Douglas _96280 |
|
| 245 | 1 | 0 |
_aServicio de restauranterĂa : _bmanejo eficiente de los elementos para el servicio profesional de comidas |
| 260 |
_aMexico : _btrillas, _c1997 |
||
| 300 | _a208 p : il | ||
| 490 | _aTurismo trillas | ||
| 650 | 1 | 4 |
_aRESTAURANTES - SERVICIOS _96281 |
| 942 |
_2ddc _cBK |
||
| 999 |
_c19127 _d19127 |
||